00497nam a2200145 a 450000100100000000500170001000800410002704000250006810000270009324500470012026000400016730000220020795201050022999900170033400004244420201002040147.0131203s2004 dr ac 000 0 spa d aDO-SdBNPbspacBNPHU1 aOviedo, Ramón92467810aOviedo :bautorretratos /cRamón Oviedo. a[Santo Domingo] :bArawak,c[199?]. a[20] p. ;c22 cm. 0010718PDaPDbPDcHDd2013-12-03iLF1l0o p42444-10r2020-06-25w2020-06-25yLFPDZNo se presta c41933d41933